| 000 -LEADER |
| fixed length control field |
01975nam a22002057a 4500 |
| 005 - DATE AND TIME OF LATEST TRANSACTION |
| control field |
20260209143137.0 |
| 008 - FIXED-LENGTH DATA ELEMENTS--GENERAL INFORMATION |
| fixed length control field |
260127b ||||| |||| 00| 0 eng d |
| 040 ## - CATALOGING SOURCE |
| Transcribing agency |
SSBUL |
| 041 ## - LANGUAGE CODE |
| Language code of text/sound track or separate title |
English |
| 082 ## - DEWEY DECIMAL CLASSIFICATION NUMBER |
| Edition number |
23 |
| Item number |
T-21 Ph.D |
| 100 0# - MAIN ENTRY--PERSONAL NAME |
| Personal name |
Khaing Khaing Myint, |
| Numeration |
4 PhD-Hist-16. |
| 9 (RLIN) |
65764 |
| 245 10 - TITLE STATEMENT |
| Title |
History of Dabayin (1819-1885) / |
| Statement of responsibility, etc. |
Khaing Khaing Myint. |
| 260 ## - PUBLICATION, DISTRIBUTION, ETC. |
| Place of publication, distribution, etc. |
Mandalay : |
| Name of publisher, distributor, etc. |
University of Mandalay, |
| Date of publication, distribution, etc. |
2012. |
| 300 ## - PHYSICAL DESCRIPTION |
| Extent |
xxiii, 174 p. , |
| Other physical details |
map, |
| Dimensions |
29 cm. |
| 502 ## - DISSERTATION NOTE |
| Dissertation note |
Dabayin emerged as one of the towns founded since Bagan Period. According to local saying and concrete evidence, Dabayin had been founded as one of the twenty-two Lay-ya-byu-myos - the towns which had to submit four hundred servicemen to the crown in late twelveth century A.D. Since that time on, Dabayin stood as an important garrison towns till Konbaung Period. This dissertation discusses the evolution of Dabayin Town throughout history. It also examines the territorial changes of the town, the politics, administration and agrarian economy of the region. The role of the sangha institution in the rural community of Dabayin was also investigated in this dissertation. In other words, this dissertation examines the role of Dabayin in the history of late Konbaung Dynasty. In this dissertation, the primary source materials such as land rolls, revenue inquests, royal orders which were mentioned in palm leaf manuscripts and parabaiks - black folded books and other reliable source materials are used. The researcher of this dissertation carried out a wide range of field trips to obtain primary sources to give new information. |
| Degree type |
Ph.D |
| Name of granting institution |
University of Mandalay |
| Year degree granted |
2012 |
| 504 ## - BIBLIOGRAPHY, ETC. NOTE |
| Bibliography, etc. note |
Included bibliography |
| 505 ## - FORMATTED CONTENTS NOTE |
| Formatted contents note |
Introduction<br/>Chapters<br/>1. Administration<br/>2. Social Conditions<br/>3. Economic Conditions<br/>4. Religion<br/>Conclusion<br/>Map<br/>Appendices<br/>Bibliography |
| Statement of responsibility |
Khaing Khaing Myint |
| Title |
History of Dabayin (1819-1885) |
| 650 ## - SUBJECT ADDED ENTRY--TOPICAL TERM |
| Topical term or geographic name entry element |
Dabayin, Myanmar |
| General subdivision |
History. |
| 9 (RLIN) |
65765 |
| Chronological subdivision |
(1819-1885) |
| 942 ## - ADDED ENTRY ELEMENTS (KOHA) |
| Source of classification or shelving scheme |
|
| Koha item type |
Reference |